| 000 | 00784nam a22001937a 4500 | ||
|---|---|---|---|
| 999 |
_c18702 _d18702 |
||
| 003 | AR-CdUCM | ||
| 008 | 190515b ||||| |||| 00| 0 spa d | ||
| 040 |
_aMUNICIPALIDAD PROVINCIAL DEL CUSCO _cBIBLIOTECA MUNICIPAL DEL CUSCO |
||
| 082 |
_a330.7 / _bSO66 |
||
| 100 |
_aSolis Espinoza, Jorge Alfredo _939441 |
||
| 245 |
_aTemas sobre derecho cartular : _bTitulos valores doctrina y legislación / |
||
| 260 |
_aLima : _bIDEMSA, _c1962. |
||
| 300 |
_a313 paginas ; _c21 cm. |
||
| 505 | _aContenido: Terminologia -- El sistema unitario -- El titulo valor y otros documentos -- Circulación de derechos en general -- Circulación regular -- Circulación anomala o irregular... | ||
| 650 |
_aDerecho _9739 |
||
| 650 |
_aCivil _918612 |
||
| 942 |
_2ddc _cLIBROS |
||
| 945 |
_apjha _d2019-05-15 |
||